| 000 | 00990nam a2200265Ia 4500 | ||
|---|---|---|---|
| 003 | OSt | ||
| 005 | 20220923230410.0 | ||
| 006 | a|||||r|||| 00| 0 | ||
| 007 | ta | ||
| 008 | 220922b |||||||| |||| 00| 0 san d | ||
| 020 | _c40 | ||
| 024 | _a281,227 | ||
| 037 |
_b709/1, 18/03/2014, Vidyanidhi Prakashan _cTextual |
||
| 040 |
_aARTS _cARTS _bsan |
||
| 041 |
_2san _asan |
||
| 082 | _aO15,2NTR,AN, 152N1 | ||
| 100 | _aत्रिपाठी, विष्णुदत्त | ||
| 245 | 0 | _aअनयूयाचरित - नाटकम् | |
| 246 | _aAnayūyācharit - nāṭakam | ||
| 260 |
_aवाराणसी _b चौखम्बा सुरभारती प्रकाशन _c1991 |
||
| 300 |
_a143पृ0 _ccm. |
||
| 650 | _aसंस्कृत साहित्य | ||
| 942 |
_hO15,2NTR,AN, 152N1 _cTEXL _2CC |
||
| 999 |
_c384570 _d384570 |
||